| 000 | 01195nam0a22002651 4500 | ||
|---|---|---|---|
| 001 | rc\3493887 | ||
| 005 | 20260407053702.0 | ||
| 021 |
_aRU _bРг8218-74 |
||
| 021 |
_aRU _b74-54375 |
||
| 035 | _a(NLR Aleph) 007608913 | ||
| 090 |
_a5795772 _c5795772 |
||
| 100 | _a20130115d1973 |||y0rusy50 ca | ||
| 101 | 0 | _arus | |
| 102 | _aRU | ||
| 105 | _ay z ||||| | ||
| 200 | 1 |
_aТехнические условия на поставку древесного сырья Балахнинскому ЦБК из его потребительской сырьевой базы и районов за пределами базы (с учетом корректировки, в связи с увеличением объемов поставок) _eУтв. 9/IV 1974 г. _fМинлеспром СССР. Гипролеспром |
|
| 210 |
_aМосква _cБ. и. _d1973 |
||
| 215 |
_a[1], 14 л. _d30 |
||
| 710 | 0 | 2 |
_aБалахнинский целлюлозно-бумажный комбинат им. Ф. Э. Дзержинского _3RU\NLR\AUTH\8810023710 _9545448 |
| 801 | 0 |
_aRU _bNLR _gpsbo |
|
| 801 | 1 |
_aRU _bELAR _2rusmarc |
|
| 852 |
_aNLR _j74-8/435 |
||
| 942 | _cBOOK | ||
| 980 | _aNB | ||